000 00321nam a2200121Ia 4500
008 240731s9999 xx 000 0 und d
022 _a2090-9977
245 0 _aNRIAG Journal of Astronomy and Geophysics
260 _bTaylor & Francis
856 _uhttps://www.tandfonline.com/loi/tjag20
942 _2ddc
942 _cTFEJ
999 _c78655
_d78655
945 _a1
_bMadushi Gamage
_c1
_dMadushi Gamage